000 01071nab a22002657a 4500
999 _c6520
_d6520
003 OSt
005 20260219104422.0
008 190429b xxu||||| |||| 00| 0 spa d
040 _cPJ
100 _97124
_aAguirre, Tomás
245 1 3 _aLa víctima en el proceso penal :
_bun cambio de paradigma en la etapa ejecutiva de la pena /
_cTomás Aguirre
260 _cCiudad Autónoma de Buenos Aires :
_aThomson Reuters La Ley,
_b2024.
300 _ap. 241-252
500 _aCita: TR LALEY AR/DOC/1403/2024
505 _tSi te interesa el texto completo, solicitalo a koha@justierradelfuego.gov.ar
650 0 _9343
_aDERECHO PENAL
650 0 _92348
_aPROCESO PENAL
650 0 _94885
_aDERECHOS DE LA VÍCTIMA
650 0 _94048
_aCUMPLIMIENTO DE LA PENA
650 0 _91247
_aMEDIOS DE COMUNICACION
650 0 _94022
_aMINISTERIO PÚBLICO FISCAL
650 0 _aPARTICULAR DAMNIFICADO
773 0 _02658
_93164
_tRevista de derecho penal y criminología. Nº 7 - Julio 2024
_dCiudad Autónoma de Buenos Aires : Thomson Reuters La Ley, 2017-
_x00347914
942 _2udc
_cANA